00710cam a22002651 4500001001300000003000400013005001700017008004100034010001700075035002000092040001800112041001100130042001200141050001500153100002400168245002900192260001100221300002200232500004800254500002200302650002800324650004200352740003300394999001700427sa 68003966 DLC20260227112458.0900102s1966 pk d 000 0 urdr  asa 68003966  a(OCoLC)20838875 aDLCcWaUdDLC0 aurdeng apremarc00aR121b.G480 aGhulam Nabi,d1915-10aLug̲h̲āt-i ṭịbb. c[1966] a8, 508 p.c25 cm. aCover title: A dictionary of medical terms. aEnglish and Urdu. 0aMedicinevDictionaries. 0aEnglish languagexDictionariesxUrdu.0 aDictionary of medical terms. c79881d79881